00309nam a2200121Ia 4500008004100000041000800041082001600049100001900065245004500084260003600129300001300165365000900178240624s9999 xx 000 0 und d aeng a658.408 PAR aPARTRIDGE DALE aPEOPLE OVER PROFIT BREAK THE SYSTEM LIVE c2015aCaliforniabThomas Nelson a256 : p. cb30